00958cam a22002411 45000010005000000030008000050050017000130080039000300350018000690350019000870400045001060410008001510820026001591100047001851110097002322450124003292600024004533000023004776500043005009420012005439990015005559520146005701888BD-RjUL20211208233432.0160921s1965 pk f100 0 eng a(BD-RjUL)1915 a(OCoLC)1539988 aDLCcOCedCdOCoLCdUkdDLCdBD-RjULbeng aeng a338.4763371bEAL 1965 aEast Pakistan Bureau of Statistics91503942 aConference on the Necessary Conditions of a Free Societyd(1961 :cPrinceton, N. J.)915694110aList of Registered Bidi Factories, 1963-64 : b(Corrected up to 30th April, 1964) /cEast Pakistan Bureau of Statistics aDacca:bEPGP,c1965 a[6], 82 p.c23 cm. aTobaco IndustryzEast Pakistan9156942 2ddccBK c1888d1888 00102ddc40718RAREaRUCLbRUCLcRared1967-11-13eDacca, EPBSg5.00l0oRA 338.4763371 EAL 1965r2016-09-21 00:00:00tC-1w2016-09-21yRAR